| 000 | 00399nam a2200145Ia 4500 | ||
|---|---|---|---|
| 008 | 230312s9999||||xx |||||||||||||| ||und|| | ||
| 082 |
_a425 _bSHU-F |
||
| 100 | _aShukeeb,Rana M.Younas | ||
| 245 | 0 | _aFunctional English B.Com ( Part -1 ) | |
| 260 |
_bNadeem Book Fort _aLahore _c2009 |
||
| 300 | _a250 | ||
| 546 | _aEng. | ||
| 650 |
_aLiterature _vArt of Precis writing , Pair of Word |
||
| 942 | _cBK | ||
| 999 |
_c2038 _d2038 |
||